000 01577cad a22002535a 4500
001 L157577
008 130128s2013 xxk f 000 0 eng d
035 _a(Sirsi) u157577
041 0 _aeng
110 2 _aUnited Kingdom
_bDepartment for Communities and Local Government
_94939
245 0 0 _aRecast of the Energy Performance of Buildings Directive
_bImpact assessment
_h[electronic resource]
260 _aLondon
_bDCLG
_c2013
520 _aDetails changes made to the Energy Performance of Building Regulations 2007 to transpose the requirements of a recast of the Energy Performance of Buildings Directive in England and Wales. The main requirements will be introduced on 9 January 2013 and include property advertisements to include details of energy performance certificate rating where available and there is no longer a requirement to attach front page of the energy performance certificate to written material.
590 _aKA
650 2 4 _aEU DIRECTIVE 2010/31/EU
650 2 4 _aENERGY PERFORMANCE OF BUILDINGS (ENGLAND AND WALES) REGULATIONS 2012
651 4 _aENGLAND AND WALES
690 _aEnergy
_96237
690 _aSustainability
_96271
690 _aEnvironment
_96238
856 4 0 _uhttps://www.gov.uk/government/uploads/system/uploads/attachment_data/file/39379/Impact_Assessment.pdf
_zFor the impact assessment
_zView the impact assessment free of charge at www.gov.uk
856 4 0 _uhttps://www.gov.uk/government/publications/improving-the-energy-efficiency-of-our-buildings
_zView the general documentation free of charge at www.gov.uk
942 _n0
999 _c114847
_d114847